| 000 | 00838nam a22002531c 4500 | ||
|---|---|---|---|
| 001 | a987696181 | ||
| 003 | RU-10907106 | ||
| 005 | 20210624105928.0 | ||
| 008 | 210315s2021 gw a||| 000u rus d | ||
| 020 |
_a9785444812822 _9978-5-4448-1282-2 |
||
| 040 | _cRU-10907106 | ||
| 041 | _arus | ||
| 245 | 0 | 2 |
_a"Žit' v dvuch mirach". Pereosmysljaja transnacionalizm i translokal'nost' : _bsbornik statej / _cpod red. O. Brednikovoj i S. Abašina |
| 264 |
_aMoskva : _bNovoe literaturnoe obozrenie, _c2021 |
||
| 300 | _a516 Seiten : Illustrationen | ||
| 650 | _aMigration | ||
| 650 | _aTransnationale Politik | ||
| 650 | _aArbeitsmigration | ||
| 651 | _aRussland | ||
| 700 | 1 |
_aBrednikova, Ol'ga _eHerausgeberIn |
|
| 700 | 1 |
_aAbašin, Sergej _eHerausgeberIn |
|
| 942 |
_cMG _2z |
||
| 999 |
_c11966 _d11966 |
||
| 490 | 0 | _aBiblioteka zurnala "Neprikosnovennyj zapas" | |